A carregar...

Pliant and Compliant: Colonial Indian Art and Postcolonial Cinema

Detalhes bibliográficos
Autor principal: GITA RAJAN
Formato: Printed Book
Publicado em: Women: a cultural review Vol. 13. No. 1. 2002 2002
Acesso em linha:http://10.26.1.76/ks/004038.pdf
LEADER 004040000a22001210004500
100 |a GITA RAJAN 
245 |a Pliant and Compliant: Colonial Indian Art and Postcolonial Cinema 
260 |c 2002 
260 |b Women: a cultural review Vol. 13. No. 1. 2002 
856 |u http://10.26.1.76/ks/004038.pdf 
942 |c KS 
999 |c 73426  |d 73426 
952 |0 0  |1 0  |4 0  |7 0  |9 65390  |a MGUL  |b MGUL  |d 2015-08-01  |l 0  |r 2015-08-01  |w 2015-08-01  |y KS